[Event "British Universities-ch"]
[Site "Leicester"]
[Date "2024.02.25"]
[Round "?"]
[White "Stoyanov, Viktor"]
[Black "Kalavannan, Koby"]
[Result "0-1"]
[WhiteElo "2195"]
[BlackElo "2223"]
[PlyCount "146"]
[EventDate "2024.02.24"]
[EventType "team-swiss (rapid)"]
[EventRounds "9"]
[EventCountry "ENG"]
[SourceTitle "CB11_2024"]
[SourceDate "2024.03.13"]
[SourceVersion "1"]
[SourceVersionDate "2024.03.13"]
[SourceQuality "1"]
[WhiteTeam "Warwick"]
[BlackTeam "Cambridge"]
[WhiteTeamCountry "ENG"]
[BlackTeamCountry "ENG"]

1. Nf3 c5 2. c4 g6 3. Nc3 Nc6 4. e3 Nf6 5. d4 cxd4 6. exd4 d5 7. cxd5 Nxd5 8. Qb3 Nxc3 9. Bc4 Nd5 10. Bxd5 e6 11. Bxc6+ bxc6 12. 0-0 Qd5 13. Qe3 c5 14. dxc5 Qxc5 15. Qe4 Qd5 16. Qxd5 exd5 17. Re1+ Be6 18. Be3 Bb4 19. Rec1 Bd6 20. Bc5 Bf4 21. Rc3 Kd7 22. Be3 Bd6 23. Bd4 Rhb8 24. b3 a5 25. Ne5+ Ke8 26. Rc6 Be7 27. Rc3 Bb4 28. Rcc1 Ba3 29. Rc2 Rc8 30. Re2 a4 31. h3 Bd6 32. Rb1 Rab8 33. Nd3 Kf8 34. g4 Rb5 35. b4 Rc4 36. Bf6 Ke8 37. a3 Kd7 38. Nb2 Rf4 39. Bg5 Rf3 40. Re3 Rxe3 41. Bxe3 d4 42. Bxd4 Bb3 43. Rc1 Rd5 44. Be3 h5 45. Nc4 Bc7 46. Bc5 Rd3 47. Ne3 Bf4 48. gxh5 gxh5 49. b5 Be6 50. Kg2 Bd5+ 51. Nxd5 Bxc1 52. Nb6+ Kc7 53. Nxa4 Bxa3 54. Be3 Bd6 55. Nb2 Rb3 56. b6+ Kd7 57. Nc4 Bb8 58. Nd2 Rb4 59. Kf3 f5 60. Bc5 Rb5 61. Bd4 Rb4 62. Bc5 Rf4+ 63. Kg2 Kc6 64. Be3 Rb4 65. Nf3 Kd5 66. Ne1 Rb3 67. h4 f4 68. Bd2 Rxb6 69. Nd3 Ke4 70. Nc5+ Kf5 71. Kf3 Rb5 72. Na4 Rb3+ 73. Kg2 Kg4 0-1

[Event "British Universities-ch"]
[Site "Leicester"]
[Date "2024.02.24"]
[Round "?"]
[White "Bottazzi, Ulysse"]
[Black "Stoyanov, Viktor"]
[Result "0-1"]
[WhiteElo "2135"]
[BlackElo "2195"]
[PlyCount "52"]
[EventDate "2024.02.24"]
[EventType "team-swiss (rapid)"]
[EventRounds "9"]
[EventCountry "ENG"]
[SourceTitle "CB11_2024"]
[SourceDate "2024.03.13"]
[SourceVersion "1"]
[SourceVersionDate "2024.03.13"]
[SourceQuality "1"]
[WhiteTeam "Imperial"]
[BlackTeam "Warwick"]
[WhiteTeamCountry "ENG"]
[BlackTeamCountry "ENG"]

1. e4 e5 2. Nf3 Nc6 3. Bb5 Nf6 4. 0-0 Nxe4 5. d4 Nd6 6. Bxc6 dxc6 7. dxe5 Nf5 8. Qxd8+ Kxd8 9. h3 h6 10. Nc3 Bd7 11. g4 Ne7 12. Kg2 Ng6 13. Kg3 Ke8 14. Nd4 Bc5 15. Nb3 Be7 16. f4 h5 17. Re1 Bh4+ 18. Kf3 Bxe1 19. Ne4 hxg4+ 20. hxg4 Bb4 21. Be3 Rh3+ 22. Ng3 Nh4+ 23. Kf2 Rh2+ 24. Kf1 Bxg4 25. Nd4 Bh3+ 26. Kg1 Rg2+ 0-1

[Event "London Mindsports op"]
[Site "London"]
[Date "2023.09.13"]
[Round "2"]
[White "Wadsworth, Matthew J"]
[Black "Stoyanov, Viktor"]
[Result "1-0"]
[WhiteElo "2432"]
[BlackElo "2262"]
[PlyCount "79"]
[EventDate "2023.09.13"]
[EventType "swiss"]
[EventRounds "9"]
[EventCountry "ENG"]
[SourceTitle "EXT 2024"]
[Source "ChessBase"]
[SourceDate "2023.10.10"]
[SourceVersion "1"]
[SourceVersionDate "2023.10.10"]
[SourceQuality "1"]

1. Nf3 Nf6 2. g3 g6 3. Bg2 Bg7 4. c4 0-0 5. d4 d5 6. cxd5 Nxd5 7. 0-0 Nb6 8. Nc3 Nc6 9. e3 Re8 10. h3 e5 11. d5 Na5 12. Qc2 c6 13. b4 Nac4 14. dxc6 bxc6 15. Ne4 Qe7 16. a4 Nd6 17. Nxd6 Qxd6 18. Ba3 Bb7 19. a5 Nd5 20. a6 Bc8 21. b5 Qf6 22. Nd2 Bf8 23. Ne4 Qe6 24. Qxc6 Qxc6 25. bxc6 Kg7 26. c7 Be6 27. Nd6 Bxd6 28. Bxd6 Rac8 29. Rac1 e4 30. Bxe4 Nf6 31. Bb7 Bxh3 32. Rfd1 Ne4 33. Bxc8 Rxc8 34. Be5+ f6 35. Bb2 Kf7 36. Rd8 Ke7 37. Ba3+ Kf7 38. Rxc8 Bxc8 39. Rd1 Nc3 40. Rd8 1-0

[Event "Newcastle Northumbria Masters IM"]
[Site "Newcastle on Tyne"]
[Date "2022.08.29"]
[Round "6"]
[White "Turner, Max N"]
[Black "Stoyanov, Viktor"]
[Result "0-1"]
[WhiteElo "2247"]
[BlackElo "2246"]
[PlyCount "82"]
[EventDate "2022.08.26"]
[EventType "tourn"]
[EventRounds "9"]
[EventCountry "ENG"]
[EventCategory "2"]
[SourceTitle "CBM 210 Extra"]
[Source "ChessBase"]
[SourceDate "2022.11.30"]
[SourceVersion "1"]
[SourceVersionDate "2022.11.30"]
[SourceQuality "1"]

1. d4 d5 2. c4 e5 3. dxe5 d4 4. Nf3 Nc6 5. a3 Nge7 6. g3 Ng6 7. Bg2 Ngxe5 8. Nxe5 Nxe5 9. 0-0 Be7 10. Nd2 0-0 11. b3 c5 12. Bb2 Re8 13. h3 a5 14. f4 Nc6 15. Ne4 Bf8 16. Qd3 h6 17. f5 Ne5 18. Qc2 a4 19. b4 d3 20. exd3 Qxd3 21. Qxd3 Nxd3 22. Bc3 cxb4 23. axb4 Nxb4 24. Bxb4 Bxb4 25. c5 Re5 26. g4 Bd7 27. Rfb1 Bxc5+ 28. Nxc5 Rxc5 29. Rxb7 Be8 30. Rxf7 Bxf7 31. Bxa8 Ra5 32. Be4 a3 33. Kf2 a2 34. Ke3 Ra3+ 35. Kd4 Rxh3 36. Bd5 Bxd5 37. Kxd5 Rh2 38. Ke5 Kf7 39. Rc1 Rc2 40. Rd1 Rc5+ 41. Kf4 Ra5 0-1

[Event "Newcastle Northumbria Masters IM"]
[Site "Newcastle on Tyne"]
[Date "2022.08.28"]
[Round "4"]
[White "Balaji, Aaravamudhan"]
[Black "Stoyanov, Viktor"]
[Result "0-1"]
[WhiteElo "2194"]
[BlackElo "2246"]
[PlyCount "144"]
[EventDate "2022.08.26"]
[EventType "tourn"]
[EventRounds "9"]
[EventCountry "ENG"]
[EventCategory "2"]
[SourceTitle "CBM 210 Extra"]
[Source "ChessBase"]
[SourceDate "2022.11.30"]
[SourceVersion "1"]
[SourceVersionDate "2022.11.30"]
[SourceQuality "1"]

1. d4 e6 2. c4 f5 3. Nc3 Nf6 4. e3 Be7 5. Bd3 0-0 6. Nge2 d6 7. Qc2 Nc6 8. a3 g6 9. 0-0 e5 10. f3 a5 11. b3 Qe8 12. Bd2 Bd8 13. d5 Ne7 14. b4 c6 15. e4 Bd7 16. Qb3 fxe4 17. Nxe4 Nxe4 18. fxe4 Bb6+ 19. c5 dxc5 20. Rxf8+ Qxf8 21. Be3 c4 22. Bxc4 Bxe3+ 23. Qxe3 cxd5 24. exd5 Nf5 25. Qxe5 Qd6 26. Qxd6 Nxd6 27. Rc1 axb4 28. axb4 Ra4 29. Bd3 Rxb4 30. Rc7 Be8 31. Re7 Bf7 32. Rd7 Rb6 33. Nf4 Kf8 34. Ne6+ Ke8 35. Rd8+ Ke7 36. Rh8 Bxe6 37. dxe6 Kxe6 38. Rxh7 g5 39. Rg7 Rb3 40. Bh7 Rb5 41. Kf2 Ne8 42. Bg8+ Kf6 43. Rd7 Rb4 44. Rf7+ Kg6 45. Re7 Nf6 46. Bf7+ Kf5 47. Be6+ Kg6 48. h3 Ne4+ 49. Ke3 Kf6 50. Re8 Nd6 51. Rg8 Re4+ 52. Kd3 Rxe6 53. Rf8+ Ke5 54. Rg8 Nf7 55. Rb8 Re7 56. g3 Rd7+ 57. Kc3 Ke4 58. h4 g4 59. h5 Kf3 60. Rg8 Kxg3 61. Rg7 Rd5 62. Rxf7 Rxh5 63. Rxb7 Rd5 64. Rg7 Kf3 65. Kc4 Rd8 66. Rg6 g3 67. Rf6+ Ke2 68. Rg6 Kf2 69. Rf6+ Kg1 70. Rg6 g2 71. Rg7 Rh8 72. Ra7 Kh1 0-1

[Event "BCF-chT 2122 (4NCL)"]
[Site "England"]
[Date "2022.03.27"]
[Round "6.121"]
[White "Stoyanov, Viktor"]
[Black "Martin, Lewis"]
[Result "1/2-1/2"]
[WhiteElo "2236"]
[BlackElo "2196"]
[PlyCount "72"]
[EventDate "2021.11.27"]
[EventType "team-swiss"]
[EventRounds "11"]
[EventCountry "ENG"]
[SourceTitle "EXT 2023"]
[Source "ChessBase"]
[SourceDate "2022.10.05"]
[SourceVersion "1"]
[SourceVersionDate "2022.10.05"]
[SourceQuality "1"]
[WhiteTeam "Guildford Castles"]
[BlackTeam "Check Innmates"]
[WhiteTeamCountry "ENG"]
[BlackTeamCountry "ENG"]

1. e4 c5 2. Nc3 Nc6 3. Nge2 Nd4 4. Nxd4 cxd4 5. Nb5 e5 6. c3 a6 7. Qa4 Rb8 8. Na3 b5 9. Qc2 Bc5 10. b4 Bb6 11. Bb2 dxc3 12. dxc3 Qe7 13. Bd3 Nf6 14. 0-0 0-0 15. c4 Qxb4 16. cxb5 d5 17. exd5 e4 18. Be2 Nxd5 19. Nc4 axb5 20. Ba3 Qc3 21. Qxe4 Qd4 22. Qxd4 Bxd4 23. Bxf8 Kxf8 24. Ne3 Bxa1 25. Nxd5 Be5 26. Rc1 Be6 27. Nb4 Bd6 28. Nc6 Rb6 29. Nd4 Bd7 30. h3 b4 31. Bg4 Bxg4 32. hxg4 Be5 33. Rc4 g6 34. g3 Bxd4 35. Rxd4 b3 36. axb3 Rxb3 1/2-1/2